MDQL
is popping MORE tags! Check the
thread
!
Quizzes
Events
Quiz Creation
Community
Videos
Private Events
Remove Ads
Sign In
Join for FREE
Feedback
Dark Mode
Quiz Categories
Sports
Geography
Music
Movies
Television
Just For Fun
Miscellaneous
History
Literature
Language
Science
Gaming
Entertainment
Religion
Holiday
For Kids
Quiz Lab
Recent
Popular Today
Quiz Kudos Today
Editor Picks
Curator Picks
Quizzes by...
Day
Popularity
Type
Ratings
Length
Year
Community
Subscriptions
Recent Discussions
Orange Saloon
Badges
Playlists
Quests
Create
Leaderboards
Showdown
Live 5
Trivia Bingo
Activity
Puzzle Library
Sporcle Events
Private Events
Virtual Trivia
Globe League
Become a Host
Pub Owners
SporcleCon
Opinionation
Our Games
Videos
Blog
Mobile Apps
Partnerships
Remove Ads and Go Orange
Feedback
Literature
Harry Potter
A Song of Ice and Fire
The Hunger Games
Literary Character
Shakespeare
Book
Author
Novel
Poem
Young Adult
Children's Books
Play
Lord of the Rings
Literature
Harry Potter
A Song of Ice and Fire
The Hunger Games
Literary Character
Shakespeare
Book
Author
Novel
Poem
Young Adult
Children's Books
Play
Lord of the Rings
Random Quiz
Search Sporcle
×
Quiz Lab
Quiz Lab
Literature
Book
Type in answers that appear in a list
Type in answers that appear in a list
Classic
Best Score? Go Orange.
Harry Potter 4 Weasleys' Wizard Wheezes first 300 words Stats
Can you name the Harry Potter 4 Weasleys' Wizard Wheezes first 300 words?
By
stuverrov1
15m
300 Questions
315 Plays
315 Plays
315 Plays
Comments
Comments
Give Quiz Kudos
Give Quiz Kudos
-
- Ratings
hide this ad
Replay
Link that replays current quiz
Next Quiz
Link to next quiz in quiz playlist
You Got
0%
They Got
Avg Score
75%
Avg Friend Score
Upgrade to see
Score Distribution
Jump to the score distribution portion of the page
Score
0/300
Timer
15:00
0
Plays Today
% Correct
and
99.7%
and
99.7%
and
99.7%
a
99.7%
the
99.7%
a
99.7%
and
99.7%
The
99.7%
and
99.7%
and
99.7%
the
99.7%
and
99.7%
the
99.7%
the
99.7%
the
99.7%
and
99.7%
a
99.7%
and
99.7%
the
99.7%
and
99.7%
and
99.7%
and
99.7%
a
99.7%
and
99.7%
and
99.7%
a
99.7%
and
99.7%
a
99.7%
the
99.7%
and
99.7%
and
99.7%
Harry
98.1%
Harry
98.1%
Harry,
98.1%
Harry
98.1%
Harry
98.1%
Harry?'
98.1%
Harry
98.1%
Harry
98.1%
he
97.1%
he
97.1%
he
97.1%
he
97.1%
I
97.1%
Ron
97.1%
he
97.1%
Ron,
97.1%
He
97.1%
he
97.1%
he
97.1%
he
97.1%
Fred
96.8%
Fred
96.8%
'George
96.5%
George
96.5%
Weasley
96.5%
an
96.5%
to
96.2%
to
96.2%
to
96.2%
to
96.2%
to
96.2%
to
96.2%
to
96.2%
to
96.2%
to
96.2%
to
96.2%
in
95.9%
of
95.9%
of
95.9%
in
95.9%
of
95.9%
of
95.9%
of
95.9%
of
95.9%
of
95.9%
be:
95.6%
be
95.6%
be
95.6%
said
94.3%
said
94.3%
was
94.3%
said
94.3%
said
94.3%
was
94.3%
was
94.3%
had
94%
had
94%
had
94%
had
94%
had
94%
had
94%
his
93.7%
his
93.7%
at
93.7%
his
93.7%
his
93.7%
on
93.7%
at
93.7%
they
93.7%
% Correct
at
93.7%
his
93.7%
his
93.7%
on
93.7%
his
93.7%
it?'
93%
it?'
93%
them,
93%
them
93%
them
93%
it.
93%
were
92.7%
were
92.7%
were
92.7%
for
92.4%
who
92.4%
who
92.4%
who
92.4%
for
92.4%
so
92.1%
'What
91.7%
Percy
91.7%
Percy;
91.7%
'Did
90.8%
been
90.8%
been
90.8%
that
90.5%
that
90.5%
that
90.5%
that
90.5%
him,
90.2%
with
90.2%
with
90.2%
him
90.2%
with
90.2%
Bill
89.8%
Bill
89.8%
Bill
89.8%
Bill
89.8%
two
89.5%
Charlie,
89.5%
two
89.5%
two,
89.5%
Charlie,
89.5%
Charlie
89.5%
as
89.5%
seen
87.6%
you
87.6%
brothers.
87%
Weasleys'
86.7%
never
86%
knew
85.4%
Harry's
85.4%
knew
85.4%
out
85.1%
out
85.1%
out
85.1%
out
85.1%
all
84.8%
before,
83.8%
hand
83.5%
hand,
83.5%
worked
83.5%
hand.
83.5%
worked
83.5%
Boy
83.5%
kitchen
83.2%
kitchen
83.2%
dragons
83.2%
Head
83.2%
though
82.9%
older
82.2%
saw
81.9%
like
81.9%
Hogwarts,
81.9%
looking
81.3%
looked
81.3%
looked
81.3%
table
81%
This
81%
Romania.
80.6%
when
79.7%
up.
79%
we've
78.7%
must
78.4%
which
78.4%
which
78.4%
sitting
77.5%
than
77.1%
down,
76.5%
eldest
76.5%
long
75.9%
one
75.2%
shook,
74.9%
got
74.9%
shook
74.9%
Gringotts,
74.9%
red-haired
74.6%
eat
74%
feet.
73.7%
% Correct
around
73.7%
feet,
73.7%
bank,
73.7%
Then,
73.3%
fire.
73%
someone
72.7%
version
72.4%
wizarding
72.1%
shorter
71.4%
people
70.5%
twins,
70.2%
invented
68.3%
test
67.9%
'Yeah,'
67.3%
both
67.3%
'Ton-Tongue
67%
last
66%
face
66%
face,
66%
Toffee,'
65.4%
came
64.8%
summer...'
64.4%
about
62.9%
doing,
62.5%
eyes.
62.2%
hands,
62.2%
large
59%
large,
59%
felt
58.7%
something
57.8%
stockier
56.2%
holding
55.9%
holding
55.9%
arms
55.9%
always
55.6%
also
54%
surprise.
53.3%
burn
53%
feel
52.4%
pull
52.4%
'How're
52.4%
lanky.
52.1%
himself
50.8%
himself
50.8%
himself
50.8%
built
50.8%
imagined
49.8%
time
48.9%
closed
48.6%
immediately
48.6%
smiling,
48.6%
under
47.3%
laughter;
46.3%
grinning
44.4%
feeling
42.9%
almost
41%
rule-breaking
39.7%
falling
39.4%
tanned;
39.4%
started
38.1%
sick
37.8%
spun
36.8%
wooden
36.8%
slowing
36.5%
good-natured
35.9%
fireplaces
33.3%
fingers.
33%
freckly
30.8%
until
30.2%
halt
30.2%
nearer
29.2%
everyone...
28.9%
prevent
28.6%
tiny
28.3%
sides,
27.3%
past
26.7%
muscly,
26.7%
brought
25.1%
elbows
24.4%
broad,
24.4%
exploded
24.1%
threw
23.8%
shiny
23.8%
faster
23.2%
faster,
23.2%
blisters
21.9%
tucked
21.6%
forwards
21.3%
fussy
20.3%
tightly
19.7%
excitedly,
19.4%
calluses
19%
straightening
17.1%
scrubbed
16.8%
weather-beaten
16.5%
fond
15.2%
bossing
14.9%
flashing
12.1%
brightly.
11.4%
blurred
10.8%
Quiz Playlist
Details
Report
Send in Message
Add To Playlist
Classic:
Type in answers that appear in a list
Last Updated: May 18, 2020
Quiz Scoreboard
CHALLENGE
Sign Up to Join the Scoreboard
Show All
Scores
Hide
Comments
May contain spoilers
Recently Published
1-10 Letter E Words III
by El_Dandy
Language
2m
Street Fighter Characters
by Artimus82
Gaming
60s
College Basketball Coaching Resumes
by pancakes188
Sports
9m
More to Explore
Quiz From the Vault
Featured Blog Post
Where Did the Easter Bunny Come From?
hide this ad
You Might Also Like...
Tags
Book Quiz
Harry Potter Quiz
Novel Quiz
300
Chapter 5
First Word
Goblet of Fire
Harry
measles
Wizard
Today's Top Quizzes in Literature
Browse Literature
hide this ad
Today's Top Quizzes in Book
Browse Book
Top Contributed Quizzes in Literature
1
Sneaky Slytherin Logic Puzzle
2
Get The Picture: Black or White Literature
3
5-to-1: Plays
4
One Thing in Common: Literature
5
A Court of Thorns and Roses (ACoTaR) Logic Puzzle
6
One Thing in Common: Literature II
7
One Thing in Common: Books
8
One Thing in Common: Literature 3
9
'Middle' Earth
10
One Thing in Common: Books II
Explore More
Trending Topics
Anime
Kpop
NBA
Marvel
Crossword
Disney
Harry Potter
WWE
Puzzle
Pokémon
Country
NFL
Song
The Office
Soccer
hide this ad
More By:
stuverrov1
Quiz
Plays
Rating
Category
Featured
Created
Harry Potter 1 The Boy Who Lived first 300 words
1,706
4.83
Literature
May 21, 2018
Harry Potter 1 The Sorting Hat first 300 words
1,223
4.83
Literature
May 31, 2018
Harry Potter 2 The Burrow first 300 Words
960
5.00
Literature
Aug 26, 2018
Harry Potter 1 The Vanishing Glass first 300 words
955
4.83
Literature
May 21, 2018
Harry Potter 1 Diagon Alley first 300 words
871
5.00
Literature
May 28, 2018
Go to Creator's Profile
Score Distribution
Quiz Creator Spotlight
stuverrov1
Follow
Send a Message
Quizzes Created
-
Created Quiz Play Count
-
More By This Creator
Popular Quizzes Today
1
Find the US States - No Outlines Minefield
2
Find the Countries of Europe - No Outlines Minefield
3
The Countries of the World
4
Find the US States
5
Risky Map Clicking: Biggest States A-Z
6
US States
7
Popular People in 1961
8
Movies - When Are They Set?
More Literature Quizzes
'S' Authors
Published
Trending Quizzes
Risky Map Clicking: Least Populous States A-Z
USA Borders Longest to Shortest
1-10 Letter G Words
1-10 Letter F Words
Countries of the World: 200 Million BC
Recently Updated
Beyoncé Albums
pecheneg
Leaping Animals
pecheneg
Reality TV Shows (A-Z)
bhenderson79
Rickey Henderson's Hall of Fame Teammates
pecheneg
Champions League XIs: Arsenal
pecheneg
Quick Pick: Celebrities in WWE's Hall of Fame
aduchscher
A-Z Keypad Blitz II
pecheneg
Multiple Oscar Actors
pecheneg
Mystery Phrase Blitz: Oscar 'Best Actors'
pecheneg
F. Scott Fitzgerald Novels
LTH
Trending Topics
Anime
Kpop
NBA
Crossword
Marvel
Disney
Harry Potter
Country
The Office
WWE
NFL
Puzzle
Song
Pokémon
Soccer
Your Account Isn't Verified!
In order to create a playlist on Sporcle, you need to verify the email address you used during registration. Go to your
Sporcle Settings
to finish the process.
Report this User
Report this user for behavior that violates our
Community Guidelines
.
Details:
Send Report
Go to the Sporcle.com Mobile Site →
Comments